Normal view
MARC view
Entry Topical Term
001 - CONTROL NUMBER
- control field: 15127
003 - CONTROL NUMBER IDENTIFIER
- control field: OSt
005 - DATE AND TIME OF LATEST TRANSACTION
- control field: 20260303155212.0
008 - FIXED-LENGTH DATA ELEMENTS
- fixed length control field: 260303|| aca||aabn | a|a d
040 ## - CATALOGING SOURCE
- Original cataloging agency: OSt
- Transcribing agency: OSt
150 ## - HEADING--TOPICAL TERM
- Topical term or geographic name entry element: Brand name products
- General subdivision: Marketing
- General subdivision: Philippines
670 ## - SOURCE DATA FOUND
- Source citation: Work cat.: (OSt)1117: Amante, Jan Vincent 2103 author, Consumer buying behavior of DumagueteƱos toward Branded Medicines /
